Rauw Alejandro - DILUVIO lyrics - Statistics

General Stats
  • This quiz has been taken 40 times
  • The average score is 30 of 58
Answer Stats
Lyric Answer % Correct
3 de la …, me llamo mañana
100%
Me dices que tiene … ganas
96%
De tener … y yo en el expresso sexo
96%
En el … cae un diluvio cuarto
93%
Ya de … a su cama camino
86%
Me envia una … por texto foto
86%
Dale duro pa que nunca se … olvide
86%
Los dos bien … bellacos
82%
Castígala … lo que pide dale
82%
‘Tamos en la zona que … se prohíbe nada
82%
… más que un julio Calentamos
79%
..., castígala Castígala
79%
Me quedo pa … lo tuyo darte
79%
Que me … sin nada puesto espera
79%
Cada vez más yo te … estudio
75%
Okay, baby escucha el … concepto
71%
Y las … cruzá que parece un arresto manos
71%
Otra vez te … vienes
71%
Y … que salga el sol hasta
64%
Tú vira, con las … pará nalgas
64%
¿ Cuándo repetimos la … ? dosis
61%
Ma, si esto es sin … ver dejarnos
57%
Mis … de ti están compuestos pensamientos
57%
Los dos bien … bellacos
54%
En el cuarto cae un … diluvio
54%
Este toto me hizo una … hipnosis
54%
Calentamos más que un … julio
54%
Cada vez … yo te estudio más
54%
… vez te viene’ Otra
54%
Me … pa darte lo tuyo quedo
54%
Y hasta que salga el … sol
54%
A ti … no te puede frontera ninguna
50%
Vamo’ a tener … sex
50%
Castígala,... castígala
46%
Dale … pa que nunca se olvide duro
46%
Dime cuándo no’ vamos a … encontrar
46%
Vo’a esperar que me … al cel tires
46%
… dale lo que pide Castígala
43%
‘Tamos en la zona que nada se … prohíbe
43%
Yo no sé ... pasaba qué
39%
… no me voy a acostar Todavía
39%
Tuve que … de ti fuerte agarrarme
32%
Como … te quiero romper pista
32%
Me dice que … ganas tiene
32%
Shorty, la nota … explota
29%
… nunca las deja mas caer Porque
29%
En el cuarto … un diluvio cae
25%
Por la … me llama madrugada
25%
Otra vez … vienes te
25%
Cada … más yo te estudio vez
21%
… de camino a su cama Ya
21%
… más que un julio Calentamos
18%
Los … bien bellacos dos
18%
Y hasta que … el sol salga
18%
Me quedo pa darte lo … tuyo
18%
De tener sexo y yo en el … expreso
14%
Mami ..., dile
11%
A ver gasta dónde … complicada
0%
No matching quizzes found
Score Distribution
Percent of People with Each Score
Percentile by Number Answered
Your Score History
You have not taken this quiz